[Event "Titled Tue 17th Jun Early"]
[Site "chess.com INT"]
[Date "2025.06.17"]
[Round "4"]
[White "Preobrazhenskaya, Diana"]
[Black "Vihaan Dumir"]
[Result "0-1"]
[WhiteTitle "WFM"]
[BlackTitle "CM"]
[WhiteElo "2005"]
[BlackElo "2230"]
[WhiteFideId "34270566"]
[BlackFideId "25901010"]
[EventDate "2025.06.17"]

1. e4 c6 2. d4 d5 3. e5 c5 4. dxc5 e6 5. Bd3 Bxc5 6. Qg4 Ne7 7. Nf3 Nbc6 8. Nc3
Ng6 9. h4 O-O 10. Qg3 f5 11. exf6 Qxf6 12. Bg5 Qf7 13. O-O-O Nf4 14. Bxf4 Qxf4+
15. Qxf4 Rxf4 16. Ne2 Rf8 17. Rdf1 e5 18. Bb5 e4 19. Bxc6 bxc6 20. Nfd4 Bd7 21.
c3 a5 22. h5 a4 23. a3 Rab8 24. h6 g6 25. f3 Bd6 26. fxe4 dxe4 27. Kc2 c5 28.
Rd1 cxd4 29. Rxd4 Rb6 30. Rhd1 Rf6 31. c4 Bf5 32. Kc1 Be5 33. Rd8+ Rf8 34. Rxf8+
Kxf8 35. Nd4 Bg4 36. Rf1+ Ke7 37. Nb5 g5 38. Re1 Bf4+ 39. Kc2 e3 40. Kd3 Bf5+
41. Kd4 Rc6 42. c5 Rxh6 43. Nc3 Rh2 44. Nd5+ Kd7 45. Nxe3 Bxe3+ 46. Rxe3 Rxg2
47. Ke5 Bg6 48. b3 axb3 49. Rxb3 Rc2 50. Kd5 Bf7+ 51. Kd4 Bxb3 0-1

[Event "Titled Tue 17th Jun Early"]
[Site "chess.com INT"]
[Date "2025.06.17"]
[Round "4"]
[White "Shangin, Lev"]
[Black "Guliev, Gasan"]
[Result "0-1"]
[BlackTitle "CM"]
[WhiteElo "2169"]
[BlackElo "2123"]
[WhiteFideId "55681085"]
[BlackFideId "34165638"]
[EventDate "2025.06.17"]

1. c3 Nf6 2. d3 d5 3. Qc2 c5 4. Nd2 Nc6 5. e4 e5 6. Ngf3 Be7 7. Be2 O-O 8. O-O
dxe4 9. dxe4 Be6 10. a4 h6 11. Bc4 Bg4 12. h3 Bh5 13. Re1 Qc7 14. Be2 Rad8 15.
Nc4 Nh7 16. Be3 Bxf3 17. Bxf3 b6 18. Red1 Bg5 19. Be2 Rxd1+ 20. Rxd1 Rd8 21. Rd5
Nf6 22. Rxd8+ Qxd8 23. Bxg5 hxg5 24. f3 Nh5 25. Qd2 Qf6 26. Ne3 Qf4 27. Bf1 g6
28. Qe1 Ne7 29. Nc4 Qf6 30. Qd2 Nf4 31. g3 Nh5 32. Kg2 Nc6 33. Ne3 Kg7 34. Bc4
Na5 35. Bd5 Qe7 36. b4 cxb4 37. cxb4 Nb7 38. Qc3 Nd6 39. Ng4 f6 40. Ne3 Kh7 41.
Qc6 f5 42. exf5 gxf5 43. Nxf5 Nxf5 44. Qc2 Ng7 45. g4 Qxb4 46. gxf5 Kh6 47. f6
Nh5 48. Be4 Nf4+ 49. Kh2 Qd6 50. f7 Qe7 51. Qc6+ Kg7 52. f8=Q+ Kxf8 53. Qh6+ Ke8
54. Qc6+ Kf7 55. Qh6 Qf6 56. Qh7+ Kf8 57. Bf5 Qd6 0-1

[Event "Titled Tue 17th Jun Early"]
[Site "chess.com INT"]
[Date "2025.06.17"]
[Round "4"]
[White "Sanal, Vahap"]
[Black "Do Valle Cardoso, Lucas"]
[Result "1-0"]
[WhiteTitle "GM"]
[BlackTitle "IM"]
[WhiteElo "2564"]
[BlackElo "2414"]
[WhiteFideId "6300545"]
[BlackFideId "2163144"]
[EventDate "2025.06.17"]

1. e4 e5 2. Nf3 Nc6 3. Bc4 Nf6 4. d3 Bc5 5. Nc3 d6 6. Na4 Bb6 7. a3 Be6 8. Bxe6
fxe6 9. b4 O-O 10. O-O Qe8 11. c3 Rd8 12. Ra2 Ne7 13. Re1 Ng6 14. Nxb6 axb6 15.
d4 exd4 16. cxd4 e5 17. h3 h6 18. Qb3+ Kh7 19. Rc2 c6 20. a4 Nh5 21. g3 Rd7 22.
dxe5 Rdf7 23. Re3 Nxe5 24. Nxe5 Qxe5 25. Qd3 Kg8 26. f4 Nxf4 27. gxf4 Rxf4 28.
Rg3 Rf1+ 29. Kg2 Qa1 30. Qc3 Qxc3 31. Rgxc3 Re1 32. Re3 Rd1 33. Rf3 Re8 34. Rc4
Re1 35. Re3 Rd1 36. Rg3 Kh7 37. Kf2 Rf8+ 38. Ke2 Rdf1 39. Be3 Ra1 40. b5 c5 41.
Bd2 Ra2 42. Rd3 Re8 43. Rxd6 Re7 44. Ke3 Rf7 45. Rxb6 g5 46. e5 Re7 47. e6 Kg6
48. Rxc5 Kf6 49. Bc3+ Kg6 50. Rc4 Ra1 51. Bxa1 1-0

[Event "Titled Tue 17th Jun Early"]
[Site "chess.com INT"]
[Date "2025.06.17"]
[Round "4"]
[White "Salinas Herrera, Pablo"]
[Black "Venkatesh, Narayan"]
[Result "0-1"]
[WhiteTitle "GM"]
[BlackTitle "FM"]
[WhiteElo "2447"]
[BlackElo "2168"]
[WhiteFideId "3407128"]
[BlackFideId "30987881"]
[EventDate "2025.06.17"]

1. e4 e6 2. d4 d5 3. exd5 exd5 4. Bd3 Nf6 5. Nf3 Bd6 6. O-O O-O 7. c3 c6 8. Bg5
Bg4 9. Nbd2 Nbd7 10. Qc2 Qc7 11. Rfe1 Rfe8 12. a4 a5 13. Bh4 Bh5 14. b3 Bg6 15.
Bxg6 hxg6 16. Qd3 Bf4 17. Nf1 Qd6 18. Ne3 Bxe3 19. Rxe3 Rxe3 20. Qxe3 Re8 21.
Qd3 Ne4 22. Re1 Qa3 23. Qc2 b5 24. axb5 cxb5 25. c4 bxc4 26. bxc4 Rc8 27. c5 f6
28. Bg3 g5 29. Rb1 Qc3 30. Qxc3 Nxc3 31. Rb7 Nf8 32. Ra7 Ne6 33. Kf1 g4 34. Nd2
a4 35. f3 Nxd4 36. fxg4 Ndb5 37. Ra6 Rxc5 38. Nf3 Rc4 39. g5 a3 40. gxf6 gxf6
41. Nd2 Rb4 42. Bd6 Nxd6 43. Rxa3 Nde4 44. Ra8+ Kf7 45. Nxe4 Nxe4 46. Ke2 Rb2+
47. Kf3 Rf2+ 48. Kg4 Rxg2+ 49. Kh3 Rg5 50. Kh4 Ke6 51. Re8+ Kf5 52. Rd8 Kf4 53.
Rf8 f5 54. Rd8 Rg4+ 0-1

[Event "Titled Tue 17th Jun Early"]
[Site "chess.com INT"]
[Date "2025.06.17"]
[Round "4"]
[White "Zeliantsova, Kseniya"]
[Black "Kholyavko, Mariya"]
[Result "0-1"]
[WhiteTitle "WFM"]
[BlackTitle "WFM"]
[WhiteElo "2062"]
[BlackElo "2175"]
[WhiteFideId "13512617"]
[BlackFideId "13748505"]
[EventDate "2025.06.17"]

1. e4 g6 2. d4 Bg7 3. Nc3 b6 4. Nf3 Bb7 5. Bc4 e6 6. O-O Ne7 7. Re1 O-O 8. Bg5
h6 9. Bh4 g5 10. Bg3 Bxe4 11. Nxe4 d5 12. Nexg5 dxc4 13. Nh3 Nf5 14. Be5 Nc6 15.
c3 Qd5 16. Nf4 Qd8 17. Nh5 Nxe5 18. Nxe5 Qg5 19. Nxg7 Qxg7 20. Re4 Kh7 21. Qf3
Rg8 22. h3 b5 23. Rae1 Rae8 24. Rf4 f6 25. Ng4 Qg6 26. d5 h5 27. dxe6 hxg4 28.
Rxg4 Qh5 29. Qf4 Nh6 30. Rxg8 Rxg8 31. Qxc7+ Kh8 32. Qf4 Nf5 33. e7 Qxh3 34. g3
Nxg3 35. fxg3 Rxg3+ 36. Qxg3 Qxg3+ 37. Kf1 Qf3+ 38. Kg1 Qg4+ 39. Kf2 Qf5+ 40.
Kg2 Qg6+ 41. Kf3 Qe8 42. Kf4 Kg7 43. Kf5 Kf7 44. Re3 Qd7+ 45. Kf4 Ke8 46. Kf3
Qd5+ 47. Kf4 Qg5+ 48. Kf3 a5 49. Kf2 b4 50. cxb4 axb4 51. Ke2 f5 52. Kd2 f4 53.
Re4 Qd5+ 0-1

[Event "Titled Tue 17th Jun Early"]
[Site "chess.com INT"]
[Date "2025.06.17"]
[Round "4"]
[White "Uraev, Ivan"]
[Black "Kiseleva, Arina"]
[Result "1-0"]
[WhiteTitle "FM"]
[BlackTitle "WCM"]
[WhiteElo "2194"]
[BlackElo "1994"]
[WhiteFideId "4192443"]
[BlackFideId "4164989"]
[EventDate "2025.06.17"]

1. c4 e5 2. Nc3 Nf6 3. g3 Bb4 4. Bg2 O-O 5. Nf3 Nc6 6. O-O Bxc3 7. bxc3 d6 8. d3
Nh5 9. e4 f5 10. Nh4 g6 11. Bh6 f4 12. Bxf8 Qxf8 13. d4 g5 14. Nf5 Ng7 15. g4
Bd7 16. Rb1 b6 17. c5 Rd8 18. cxd6 cxd6 19. Bf3 Qf6 20. Kg2 Ne7 21. dxe5 dxe5
22. Qd6 Qxd6 23. Nxd6 Ng6 24. Nf5 Bxf5 25. gxf5 Nh4+ 26. Kh3 Nxf3 27. Rfd1 Rf8
28. Kg4 Nxh2+ 29. Kxg5 Nf3+ 30. Kg4 Nh2+ 31. Kh3 Nf3 32. Rd7 Ng5+ 33. Kg4 Nf7
34. Rg1 Kh8 35. Kf3 Ne8 36. Rxa7 Nf6 37. c4 h6 38. a4 Ng5+ 39. Ke2 Ngxe4 40. Rh1
h5 41. Rb7 Nc3+ 42. Kd3 Nxa4 43. Re7 e4+ 44. Kd4 Rd8+ 45. Ke5 Ng4+ 46. Kxf4 Nxf2
47. Rxh5+ Kg8 48. f6 e3 49. Rg7+ Kf8 50. Rh8# 1-0

[Event "Titled Tue 17th Jun Early"]
[Site "chess.com INT"]
[Date "2025.06.17"]
[Round "4"]
[White "Karttunen, Mika"]
[Black "Nayak, Rajesh"]
[Result "1-0"]
[WhiteTitle "IM"]
[BlackTitle "FM"]
[WhiteElo "2490"]
[BlackElo "2262"]
[WhiteFideId "502081"]
[BlackFideId "35017152"]
[EventDate "2025.06.17"]

1. e4 c5 2. Nf3 Nc6 3. Bb5 g6 4. c3 Nf6 5. Qe2 Bg7 6. O-O O-O 7. d3 Qb6 8. Ba4
e5 9. Bg5 d6 10. Na3 a6 11. Nc4 Qc7 12. Bxc6 Qxc6 13. Bxf6 Bxf6 14. Ne3 Be6 15.
c4 Bg7 16. Ng5 Rae8 17. Nxe6 fxe6 18. h4 Rf4 19. g3 Rf7 20. h5 Bh6 21. Ng4 Bg5
22. hxg6 hxg6 23. Kg2 Rh7 24. Rh1 Ree7 25. b3 b5 26. Raf1 Rxh1 27. Rxh1 Rh7 28.
Rxh7 Kxh7 29. Qf1 Kg7 30. f4 exf4 31. gxf4 Be7 32. Qh1 bxc4 33. Qh6+ Kf7 34.
Qh7+ Kf8 35. Nh6 Ke8 36. Qxg6+ Kd7 37. dxc4 a5 38. Ng8 Bd8 39. Kf3 a4 40. Qf7+
Kc8 41. Qa7 axb3 42. axb3 Qe8 43. Qh7 Qc6 44. Qf7 Qb6 45. Qxe6+ Kb8 46. Kg4 Bc7
47. Qe8+ Kb7 48. Qa4 d5 49. Qb5 dxe4 50. Qxb6+ Kxb6 51. Nf6 Ka5 52. Nd5 Bd6 53.
f5 Be5 54. Kh3 Ka6 55. Kg2 Kb7 56. Kf2 Kc6 57. Ke3 Kd6 58. Kxe4 1-0

[Event "Titled Tue 17th Jun Early"]
[Site "chess.com INT"]
[Date "2025.06.17"]
[Round "4"]
[White "Rom, Jasper"]
[Black "Arabidze, Meri"]
[Result "0-1"]
[BlackTitle "IM"]
[WhiteElo "2163"]
[BlackElo "2440"]
[WhiteFideId "2023733"]
[BlackFideId "13604040"]
[EventDate "2025.06.17"]

1. e4 e5 2. Nf3 Nc6 3. Bb5 a6 4. Bxc6 dxc6 5. O-O Ne7 6. d4 exd4 7. Nxd4 c5 8.
Ne2 Qxd1 9. Rxd1 Nc6 10. Bf4 f5 11. Bxc7 fxe4 12. Ng3 Nd4 13. Na3 Be7 14. c3 Ne6
15. Be5 O-O 16. Nxe4 b5 17. Bd6 Bxd6 18. Nxd6 Nf4 19. f3 Be6 20. Nc2 Rad8 21.
Ne4 Bf5 22. Ne3 Bxe4 23. fxe4 Nd3 24. Rd2 c4 25. a4 Nc5 26. Rxd8 Rxd8 27. axb5
axb5 28. Ra5 Nxe4 29. Rxb5 Rd3 30. Rb8+ Kf7 31. Rb7+ Kg6 32. Rb6+ Kg5 33. Rb5+
Kg6 34. Rb6+ Kh5 35. Rb5+ g5 36. Nf1 Rd1 37. Rf5 Rb1 38. h3 Rxb2 39. g4+ Kg6 40.
Ne3 Ng3 41. Rc5 Ne2+ 42. Kf1 Nxc3 43. Rxc4 Ne2 44. Rc6+ Kf7 45. Nf5 Nf4 46. Rc7+
Ke6 47. Rxh7 Ke5 48. Re7+ Kf6 0-1

[Event "Titled Tue 17th Jun Early"]
[Site "chess.com INT"]
[Date "2025.06.17"]
[Round "4"]
[White "Bozorov, Javohir"]
[Black "Ziegler, Ari"]
[Result "1-0"]
[WhiteTitle "FM"]
[BlackTitle "IM"]
[WhiteElo "2039"]
[BlackElo "2297"]
[WhiteFideId "14216957"]
[BlackFideId "1700987"]
[EventDate "2025.06.17"]

1. e4 e6 2. Nc3 d5 3. d4 Nf6 4. e5 Nfd7 5. f4 c5 6. Nf3 Nc6 7. Bd3 Be7 8. O-O
cxd4 9. Ne2 Nc5 10. Kh1 Nxd3 11. Qxd3 O-O 12. Bd2 a6 13. Nexd4 Nxd4 14. Nxd4 Qc7
15. c3 b5 16. a3 f5 17. g4 fxg4 18. Rg1 Bc5 19. Rxg4 Bxd4 20. cxd4 g6 21. Bb4
Rf5 22. Bc5 Qf7 23. Bd6 b4 24. Rc1 Rxf4 25. Rxf4 Qxf4 26. Rf1 Qh6 27. Rf8+ Qxf8
28. Bxf8 Kxf8 29. Qf3+ Kg7 30. Qf6+ Kh6 31. Qf8+ Kh5 32. Qxb4 Bd7 33. Qe7 Bb5
34. Qxh7+ Kg5 35. Qe7+ Kf5 36. Qf6+ Ke4 37. Qxe6 Kxd4 38. Qd6 Re8 39. e6 Ke4 40.
e7 g5 41. Kg2 d4 42. Kf2 Kd3 43. Ke1 Ke3 44. Qe5+ Kd3 45. Qxg5 Kc4 46. Kd2 d3
47. Qe5 Kb3 48. Qc3+ Ka2 49. Qb4 1-0

[Event "Titled Tue 17th Jun Early"]
[Site "chess.com INT"]
[Date "2025.06.17"]
[Round "4"]
[White "Goryachkina, Aleksandra"]
[Black "Jahnz, Laurin"]
[Result "1-0"]
[WhiteTitle "GM"]
[BlackTitle "CM"]
[WhiteElo "2533"]
[BlackElo "2221"]
[WhiteFideId "4147103"]
[BlackFideId "16261089"]
[EventDate "2025.06.17"]

1. e4 c5 2. Nf3 Nc6 3. Bb5 Nf6 4. Bxc6 dxc6 5. d3 g6 6. O-O Bg7 7. Nc3 O-O 8. h3
Nd7 9. Be3 e5 10. Qd2 Re8 11. Rae1 b6 12. Nh2 a5 13. Ne2 Ba6 14. b3 b5 15. c4
Nf6 16. Ng3 Qd7 17. Rd1 Red8 18. Qc1 Qe6 19. Bxc5 b4 20. Nf3 h5 21. Rfe1 Rd7 22.
d4 exd4 23. Rxd4 Rxd4 24. Bxd4 Nd7 25. Bxg7 Kxg7 26. Qb2+ Kg8 27. Qd4 a4 28. e5
axb3 29. axb3 Bb7 30. Ng5 Qe7 31. e6 fxe6 32. Rxe6 Qxg5 33. Qxd7 Rb8 34. Re8+
Rxe8 35. Qxe8+ Kh7 36. Qd7+ Kh6 37. Qxb7 Qc1+ 38. Nf1 Qc3 39. Qb8 Qxb3 40. Qh8+
Kg5 41. h4+ Kf5 42. Qc8+ Ke5 43. Qxc6 Qc3 44. Qb5+ Ke6 45. c5 b3 46. c6 b2 47.
c7 Qc1 48. c8=Q+ Qxc8 49. Qxb2 Kf7 50. Qb3+ Kg7 51. Qb6 Kh7 52. g3 Qc2 53. Qe3
Qb1 54. Kg2 Qb7+ 55. Qf3 Qb1 56. Ne3 Kh8 57. Qf8+ Kh7 58. Qf7+ Kh8 59. Qe8+ Kh7
60. Nd5 Qb7 61. Qe7+ 1-0

[Event "Titled Tue 17th Jun Early"]
[Site "chess.com INT"]
[Date "2025.06.17"]
[Round "4"]
[White "Atoyan, Alberto"]
[Black "Sarveshwaran V"]
[Result "0-1"]
[WhiteTitle "CM"]
[BlackTitle "CM"]
[WhiteElo "2266"]
[BlackElo "2290"]
[WhiteFideId "13314831"]
[BlackFideId "25699016"]
[EventDate "2025.06.17"]

1. e4 e6 2. d4 d5 3. Nd2 b6 4. c3 Bb7 5. e5 a6 6. f4 c5 7. Bd3 Nc6 8. Ne2 h5 9.
O-O Nh6 10. Nf3 g6 11. a3 Nf5 12. g3 b5 13. b4 c4 14. Bc2 a5 15. Bb2 Ne3 16. Qd2
Nxf1 17. Rxf1 axb4 18. axb4 Ra2 19. Bb1 Ra4 20. h3 Nxb4 21. cxb4 Bxb4 22. Bc3
Qa5 23. Rc1 Bxc3 24. Nxc3 Ra3 25. Ng5 b4 26. Ne2 Ke7 27. f5 gxf5 28. Nf4 Rxg3+
29. Kh2 h4 30. Ne2 Ra3 31. Rf1 Rg8 32. Nf3 c3 33. Qh6 Rg6 34. Qxh4+ Kd7 35. Nf4
Rg8 36. Qh7 Rf8 37. Ng5 Kc6 38. Nxf7 Qc7 39. Ng5 Qxh7 40. Nxh7 Rh8 41. Ng5 b3
42. Rc1 b2 43. Rf1 Ba6 44. Re1 Ra1 45. Ngxe6 Rxb1 46. Rxb1 c2 47. Rxb2 c1=Q 48.
Ra2 Bc4 49. Ra5 Qd2+ 50. Kh1 Qxa5 0-1

[Event "Titled Tue 17th Jun Early"]
[Site "chess.com INT"]
[Date "2025.06.17"]
[Round "4"]
[White "Chen, Yidong"]
[Black "Sevig, Mert Can"]
[Result "1/2-1/2"]
[BlackTitle "CM"]
[WhiteElo "2074"]
[BlackElo "2025"]
[WhiteFideId "8607028"]
[BlackFideId "44546335"]
[EventDate "2025.06.17"]

1. c4 c5 2. Nc3 g6 3. g3 Bg7 4. Bg2 Nf6 5. e3 O-O 6. d4 cxd4 7. exd4 d6 8. Nf3
Nc6 9. O-O d5 10. c5 Ne4 11. Be3 Nxc3 12. bxc3 Be6 13. Qc1 Qa5 14. Bh6 Qa6 15.
Re1 Rac8 16. Bxg7 Kxg7 17. Ng5 Na5 18. Nxe6+ fxe6 19. Qe3 Rf6 20. Bf1 Nc4 21.
Bxc4 Qxc4 22. Rab1 Qa6 23. Re2 b6 24. cxb6 axb6 25. g4 Rc6 26. Rb3 Qc8 27. Reb2
Qc7 28. Kg2 Rf4 29. h3 Re4 30. Qg3 Qxg3+ 31. Kxg3 Re1 32. f3 Rc1 33. Rxb6 R1xc3
34. Rxc6 Rxc6 35. Rb4 Rc2 36. a4 Ra2 37. Kf4 Kf6 38. g5+ Kf7 39. h4 Ra3 40. Kg4
Ra1 41. Kf4 Ra3 42. Kg4 Ke8 43. Kf4 Kd7 44. Rb7+ Kd6 45. Rb6+ Kd7 46. Rb7+ Kd8
47. Rb8+ Kc7 48. Rb4 Kc6 49. Kg4 Kd6 50. Kf4 Kc6 51. Kg4 Ra1 52. Kf4 Ra3 1/2-1/2

[Event "Titled Tue 17th Jun Early"]
[Site "chess.com INT"]
[Date "2025.06.17"]
[Round "4"]
[White "Punin, Andrii"]
[Black "Shimanov, Aleksandr"]
[Result "1/2-1/2"]
[WhiteTitle "FM"]
[BlackTitle "GM"]
[WhiteElo "2289"]
[BlackElo "2578"]
[WhiteFideId "14112639"]
[BlackFideId "4198603"]
[EventDate "2025.06.17"]

1. Nf3 d5 2. e3 Nf6 3. b3 e6 4. Bb2 Bd6 5. c4 b6 6. d4 Bb7 7. Bd3 Nbd7 8. O-O
Qe7 9. Nc3 a6 10. Qc2 dxc4 11. bxc4 e5 12. Nd5 Bxd5 13. dxe5 Nxe5 14. Nxe5 Bxe5
15. cxd5 O-O 16. Bxe5 Qxe5 17. e4 Rfe8 18. Rac1 Re7 19. f3 g5 20. Qc3 Qd6 21.
Qc6 Qxc6 22. Rxc6 Ne8 23. Rfc1 a5 24. a4 Rd8 25. g3 Kg7 26. Kf2 Rd6 27. R6c2 Rh6
28. Kg2 Rf6 29. Bb5 g4 30. fxg4 Rxe4 31. Bxe8 Rxe8 32. Rxc7 Re2+ 33. Kg1 Rff2
34. d6 Rg2+ 35. Kf1 Rxh2 36. d7 Rd2 37. Kg1 Rhg2+ 38. Kh1 Rxg3 39. Rf1 Rxg4 40.
Rxf7+ Kg6 41. Rxh7 Re4 42. Rg7+ Kf5 43. Rf7+ Kg4 44. Rf1 Ree2 45. Rfc1 Rh2+ 46.
Kg1 Rhg2+ 47. Kh1 Rh2+ 48. Kg1 Rh8 49. Rc8 Rhh2 50. d8=Q Rhg2+ 51. Kh1 Rh2+ 52.
Kg1 Rhg2+ 53. Kh1 Rh2+ 54. Kg1 1/2-1/2

[Event "Titled Tue 17th Jun Early"]
[Site "chess.com INT"]
[Date "2025.06.17"]
[Round "4"]
[White "Peatman, Carter"]
[Black "Gavarrete, Nahun"]
[Result "1-0"]
[BlackTitle "FM"]
[WhiteElo "2082"]
[BlackElo "2281"]
[WhiteFideId "2096480"]
[BlackFideId "8400709"]
[EventDate "2025.06.17"]

1. d4 d5 2. Bf4 e6 3. e3 Nf6 4. c4 c6 5. Nc3 Bd6 6. Bg3 Bxg3 7. hxg3 Nbd7 8. Nf3
a6 9. c5 b5 10. cxb6 Qxb6 11. Rb1 Bb7 12. Na4 Qb4+ 13. Nc3 Ne4 14. Qc2 c5 15. a3
Qa5 16. b4 Qxa3 17. Nxe4 dxe4 18. bxc5 Bd5 19. Nd2 f5 20. Be2 O-O 21. O-O Qa5
22. Ra1 Qc7 23. Nc4 Rfb8 24. Rfb1 Bc6 25. Rxb8+ Nxb8 26. Nb6 Ra7 27. Qb3 Kf7 28.
Bc4 Nd7 29. Bxe6+ Ke7 30. d5 Nxc5 31. Qb4 Qd6 32. Nc4 a5 33. Qa3 Bxd5 34. Nxd6
Kxd6 35. Bxd5 Kxd5 36. Rd1+ Nd3 37. Qb3+ Ke5 38. Qc3+ Ke6 39. Rb1 Kf7 40. Qc4+
Kg6 41. Ra1 Rf7 42. Rxa5 Rf6 43. Ra6 h6 44. Rxf6+ Kxf6 45. Qc6+ Kg5 46. Qd5 Kh5
47. Qd8 Kg6 48. Qe7 Kh7 49. Qe8 g6 50. Qe7+ Kh8 51. Qf6+ Kh7 52. Qf7+ Kh8 53.
Qxg6 Ne1 54. Qxh6+ Kg8 55. Qg6+ Kf8 56. Qxf5+ Kg8 57. Qxe4 Kf8 58. Qb4+ Kg8 59.
Qxe1 Kf8 60. Qe2 Kg7 61. Qf3 Kg6 62. Qf4 Kg7 63. e4 Kg6 64. e5 Kg7 65. e6 Kg6
66. e7 Kg7 67. e8=Q Kh7 68. Qe7+ Kg6 69. Qff6+ Kh5 70. Qg5# 1-0

[Event "Titled Tue 17th Jun Early"]
[Site "chess.com INT"]
[Date "2025.06.17"]
[Round "4"]
[White "Bacrot, Etienne"]
[Black "Firouzja, Alireza"]
[Result "0-1"]
[WhiteTitle "GM"]
[BlackTitle "GM"]
[WhiteElo "2633"]
[BlackElo "2766"]
[WhiteFideId "605506"]
[BlackFideId "12573981"]
[EventDate "2025.06.17"]

1. e4 c5 2. Nf3 d6 3. c3 Nf6 4. Be2 Bd7 5. Qc2 Nc6 6. O-O Rc8 7. Re1 g6 8. b3
Bg7 9. Bb2 O-O 10. Bf1 a6 11. d3 b5 12. Nbd2 Qb6 13. h3 e5 14. Rad1 Bh6 15. Qb1
Be6 16. d4 cxd4 17. cxd4 exd4 18. Qa1 Nd7 19. Nxd4 Nxd4 20. Bxd4 Qa5 21. Nf3 Rc2
22. Re2 Rfc8 23. Bb2 Rxe2 24. Bxe2 Qb6 25. Nd4 Nc5 26. Nxe6 Nxe6 27. Bd3 Bf4 28.
a4 bxa4 29. bxa4 Bg3 30. Rf1 a5 31. Bf6 Rc5 32. Qb1 Qa7 33. Kh1 Be5 34. Bh4 Rc3
35. Bb5 g5 36. Bg3 Bxg3 37. fxg3 Rxg3 38. Qc1 Qe7 39. Qe1 Ra3 40. Qxa5 g4 41.
Qb4 Rg3 42. Qe1 Qh4 43. Kh2 Rxh3+ 44. gxh3 Qxh3+ 45. Kg1 g3 46. Qe2 Nd4 47. Qg2
Qh4 48. Bc4 Qg5 49. Bxf7+ Kg7 50. Kh1 Qh6+ 51. Kg1 Qe3+ 52. Kh1 Ne2 53. Rf3 Qh6+
54. Qh3 Qxh3# 0-1

[Event "Titled Tue 17th Jun Early"]
[Site "chess.com INT"]
[Date "2025.06.17"]
[Round "4"]
[White "Stefanov, Plamen"]
[Black "Pragnya H G"]
[Result "0-1"]
[BlackTitle "WFM"]
[WhiteElo "1982"]
[BlackElo "2003"]
[WhiteFideId "2900980"]
[BlackFideId "25609785"]
[EventDate "2025.06.17"]

1. e4 e5 2. Nf3 d6 3. d4 exd4 4. Nxd4 Nf6 5. Nc3 Be7 6. f3 O-O 7. Be3 c6 8. Qd2
Nbd7 9. O-O-O Qc7 10. h4 b5 11. h5 Ne5 12. h6 g6 13. Bg5 b4 14. Nce2 Be6 15. Qf4
Nh5 16. Rxh5 gxh5 17. Bf6 Ng6 18. Qg5 Qd8 19. e5 dxe5 20. Bxe7 Qxe7 21. Qxe7
Nxe7 22. Nxe6 fxe6 23. Rd7 Rf7 24. Ng3 h4 25. Ne4 Nd5 26. Rd6 h3 27. gxh3 Rxf3
28. Bg2 Rf4 29. Rxe6 Ne3 30. Rxc6 Nxg2 31. Nf6+ Kf7 32. Nh5 Rf1+ 33. Kd2 Rd8+
34. Ke2 Rf5 35. Ng3 Nf4+ 36. Ke3 Rf6 37. Rc7+ Kg6 38. Ne4 Nd5+ 39. Ke2 Rf4 40.
Rc6+ Kf5 41. Nd6+ Kg5 42. Nb5 Rdf8 43. Nd6 Rf2+ 44. Kd3 R8f3+ 45. Ke4 Nf6+ 46.
Kxe5 Re3+ 47. Kd4 Re6 48. Ne4+ Rxe4+ 49. Kd3 Rf3+ 50. Kd2 Ref4 51. Rc5+ Kh4 52.
Rc6 Ne4+ 53. Ke2 Ng3+ 54. Kd2 Rd4+ 55. Ke1 Rf1# 0-1

[Event "Titled Tue 17th Jun Early"]
[Site "chess.com INT"]
[Date "2025.06.17"]
[Round "4"]
[White "Shafer, Logan C"]
[Black "Goh, Zi Han"]
[Result "1-0"]
[WhiteTitle "CM"]
[BlackTitle "FM"]
[WhiteElo "2217"]
[BlackElo "2275"]
[WhiteFideId "30993342"]
[BlackFideId "5819156"]
[EventDate "2025.06.17"]

1. e4 c5 2. Nf3 d6 3. d4 cxd4 4. Nxd4 Nf6 5. Nc3 a6 6. Bd3 g6 7. f3 Nc6 8. Be3
Qb6 9. Qd2 e5 10. Nxc6 Qxc6 11. O-O-O Be6 12. Kb1 Bg7 13. Be2 O-O-O 14. Nd5 Kb8
15. Bg5 Bxd5 16. exd5 Qc7 17. Qb4 h6 18. Be3 Rc8 19. c3 Ka8 20. Bb6 Qb8 21. Qa5
Nd7 22. Bf2 Qc7 23. Qa3 Nc5 24. b4 Nd7 25. Rc1 Nb6 26. c4 f5 27. Qa5 Nd7 28. Qa3
e4 29. c5 dxc5 30. bxc5 Qe5 31. Bxa6 bxa6 32. Qxa6+ Kb8 33. Qb5+ Ka8 34. Qa5+
Kb8 35. Kc2 Nxc5 36. Bxc5 Rxc5+ 37. Qxc5 Qb2+ 38. Kd1 Ka8 39. Qc6+ Ka7 40. Qc7+
Ka8 41. Qa5+ Kb8 42. Qa4 e3 43. Qb3+ Qxb3+ 44. axb3 f4 45. Ke2 Rd8 46. Rhd1 g5
47. g3 Be5 48. gxf4 gxf4 49. d6 Rxd6 50. Rxd6 Bxd6 51. Kd3 Kb7 52. h3 Be7 53.
Rc4 Bg5 54. h4 Bxh4 55. Rxf4 Bg5 56. Re4 Kc6 57. Rxe3 Bxe3 58. Kxe3 1-0

[Event "Titled Tue 17th Jun Early"]
[Site "chess.com INT"]
[Date "2025.06.17"]
[Round "4"]
[White "Malikova, Marjona"]
[Black "Mora Munoz, Alejandro"]
[Result "0-1"]
[WhiteTitle "WIM"]
[BlackTitle "FM"]
[WhiteElo "2055"]
[BlackElo "2147"]
[WhiteFideId "14212463"]
[BlackFideId "4469844"]
[EventDate "2025.06.17"]

1. d4 Nf6 2. c4 e6 3. Nc3 d5 4. cxd5 exd5 5. Bg5 c6 6. Qc2 Bd6 7. e3 O-O 8. Bd3
h6 9. Bh4 Re8 10. Nf3 Be6 11. O-O c5 12. Ne5 c4 13. Bh7+ Kh8 14. Bf5 Nc6 15.
Bxe6 Bxe5 16. Bxd5 Bxh2+ 17. Kxh2 Ng4+ 18. Kh3 g5 19. Kxg4 gxh4 20. Kh3 Qd7+ 21.
Kh2 Nb4 22. Qe2 Nxd5 23. Qxc4 Nf6 24. d5 Rg8 25. Qxh4 Rg6 26. g3 Nxd5 27. Rad1
Rd6 28. Qd4+ f6 29. Nxd5 Rd8 30. e4 Qg4 31. Qe3 f5 32. Qd4+ Kh7 33. Nf6+ Rxf6
34. Qxf6 Rxd1 35. Qf7+ Kh8 36. Qf8+ Kh7 37. Rxd1 Qxd1 38. Qxf5+ Kg7 39. Qe5+ Kh7
40. Qe7+ Kh8 41. Qf8+ Kh7 42. e5 Qh5+ 43. Kg2 Qe2 44. Qf7+ Kh8 45. e6 Qe4+ 46.
Kh3 Qh1+ 47. Kg4 Qe4+ 48. Kh5 Qh1+ 49. Kg6 Qe4+ 50. Qf5 Qb4 51. Qf8+ Qxf8 52. e7
Qe8+ 53. Kf6 Kg8 54. Ke6 Qf7+ 55. Kd6 Qe8 56. f4 Kf7 57. f5 Qxe7+ 58. Kd5 Qf6 0-1

[Event "Titled Tue 17th Jun Early"]
[Site "chess.com INT"]
[Date "2025.06.17"]
[Round "4"]
[White "Novikova, Marharyta"]
[Black "Herman, Daniel"]
[Result "1/2-1/2"]
[WhiteTitle "WCM"]
[WhiteElo "1974"]
[BlackElo "1920"]
[WhiteFideId "14109689"]
[BlackFideId "30935008"]
[EventDate "2025.06.17"]

1. e4 g6 2. d4 Bg7 3. Be3 d6 4. Qd2 a6 5. Nc3 b5 6. a3 Bb7 7. h4 h5 8. Nge2 Nf6
9. f3 Nbd7 10. d5 c6 11. dxc6 Bxc6 12. Nd4 Bb7 13. Be2 Rc8 14. O-O O-O 15. Bh6
Ne5 16. Bxg7 Kxg7 17. Rad1 Nc4 18. Bxc4 Rxc4 19. Qg5 Qb6 20. Qe3 Kh7 21. Qf2
Rfc8 22. Nb3 Qxf2+ 23. Rxf2 Rxc3 24. bxc3 Rxc3 25. Rd3 Rc7 26. Re3 Nd7 27. f4 f6
28. Nd4 Rc4 29. Rd2 Nc5 30. e5 fxe5 31. fxe5 Ne4 32. Rdd3 dxe5 33. Nf3 Rxc2 34.
Rxe4 Bxe4 35. Ng5+ Kg7 36. Nxe4 Rc4 37. Ng5 Rxh4 38. Re3 Ra4 39. Nf3 a5 40. Nxe5
b4 41. axb4 axb4 42. Nc6 Ra1+ 43. Kf2 Rb1 44. Rxe7+ Kf6 45. Rb7 b3 46. Nd4 b2
47. Nf3 g5 48. Nd2 Rd1 49. Ke2 Rg1 50. Kf2 Rd1 51. Rxb2 h4 52. Nf3 Rd5 53. Rb6+
Kg7 54. Rb7+ Kg6 55. Rb8 Kf5 56. Rf8+ Kg4 57. Rg8 Ra5 58. Nh2+ Kh5 59. Nf3 Ra2+
60. Kf1 Ra5 61. Kf2 Ra2+ 62. Kf1 Ra5 63. Rh8+ Kg6 64. Rg8+ Kh5 1/2-1/2